000
00258nam a2200097Ia 4500
001
829794
005
20250826172305.0
008
250824s9999 xx 000 0 und d
245
0
_a
EŞEĞİNE TERS BİNEN BİLGE
_c
MUSTAFA ŞAHİN
260
_b
ÇINARALTI YAYINLARI
999
_c
829794
_d
829794